| Tag |
First Indicator |
Second Indicator |
Subfields |
| LEADER |
00000cam a2200000Ma 4500 |
| 001 |
in00003554921 |
| 006 |
m o d |
| 007 |
cr nn||||||||| |
| 008 |
121227s1970 ne o 000 0 eng d |
| 005 |
20260422203405.2 |
| 020 |
|
|
|a 9789401033114 (electronic bk.)
|
| 020 |
|
|
|a 9401033110 (electronic bk.)
|
| 035 |
|
|
|a (OCoLC)840308186
|
| 040 |
|
|
|a I9W
|b eng
|e pn
|c I9W
|d OCLCQ
|d UV0
|d OCLCO
|d GW5XE
|d OCLCF
|d UtOrBLW
|
| 049 |
|
|
|a TXAM
|
| 050 |
|
4 |
|a QB4
|
| 082 |
0 |
4 |
|a 520
|2 23
|
| 100 |
1 |
|
|a Gratton, L.
|
| 245 |
1 |
0 |
|a Non-Solar X- and Gamma-Ray Astronomy /
|c edited by L. Gratton.
|
| 246 |
3 |
|
|a Proceedings of IAU Symposium No. 87 held in Rome, Italy, May 8-10, 1969
|
| 264 |
|
1 |
|a Dordrecht :
|b Springer Netherlands,
|c 1970.
|
| 300 |
|
|
|a 1 online resource (436 pages)
|
| 336 |
|
|
|a text
|b txt
|2 rdacontent
|
| 337 |
|
|
|a computer
|b c
|2 rdamedia
|
| 338 |
|
|
|a online resource
|b cr
|2 rdacarrier
|
| 490 |
1 |
|
|a International Astronomical Union/Union Astronomique Internationale, Symposium No. 37 Held in Rome, Italy, May 8-10, 1969 ;
|v 37
|
| 500 |
|
|
|a Electronic resource.
|
| 650 |
|
0 |
|a Physics.
|
| 650 |
|
7 |
|a Physics.
|2 fast
|0 (OCoLC)fst01063025
|
| 655 |
|
7 |
|a Electronic books.
|2 local
|
| 710 |
2 |
|
|a SpringerLink (Online service)
|
| 830 |
|
0 |
|a International Astronomical Union/Union Astronomique Internationale, Symposium No. 37 Held in Rome, Italy, May 8-10, 1969 ; ;
|v 37.
|
| 856 |
4 |
0 |
|u http://proxy.library.tamu.edu/login?url=https://link.springer.com/10.1007/978-94-010-3311-4
|z Connect to the full text of this electronic book
|t 0
|
| 994 |
|
|
|a 92
|b TXA
|
| 999 |
|
|
|a MARS
|
| 999 |
f |
f |
|s 1cbbb700-0d8a-33ae-949a-4eb2e0ced5ff
|i 9e96a9e7-619e-3b8f-b168-0c936ebb874c
|t 0
|
| 952 |
f |
f |
|a Texas A&M University
|b College Station
|c Electronic Resources
|s www_evans
|d Available Online
|t 0
|e QB4
|h Library of Congress classification
|
| 998 |
f |
f |
|a QB4
|t 0
|l Available Online
|